000 00989nam a22003137a 4500
001 BR2012002345
003 BR-BrBNA
005 20230928103937.0
007 ta
008 230509b bl.||||| |||| 00| 0 por d
040 _aBR-BrBNA
_bpor
_cBiblioteca Nacional de Agricultura
041 _a(Por)
072 _aT01; P34
090 _ T01 BR2012002345
100 1 _aSchneider, J.
110 1 _aUniversidade Federal de Lavras, MG (Brasil)
_0Tese (Doutorado)
245 1 _aOcorrência e ação fitoprotetora de fungos micorrízicos arbusculares em solos contaminados com arsênio
260 3 _aLavras, MG (Brasil):
_c2011.
300 _a181 p.
500 _aSummaries (Eng, Por); Several bibliography; 25 illus.; 19 tables
650 _aSOLO
650 _aARSÊNICO
650 _aCONTAMINAÇÃO
650 _aMICORRIZA VESICULAR ARBUSCULAR
650 _aABSORÇÃO DE NUTRIENTES
650 _aMICROBIOLOGIA DO SOLO
909 _a202309
_bLucia
_c55
_dLucia Elande
942 _cBK
999 _c77354
_d77354